| 000 | 00832nam a22002177a 4500 | ||
|---|---|---|---|
| 003 | OSt | ||
| 005 | 20260317063850.0 | ||
| 008 | 260317b |||||||| |||| 00| 0 eng d | ||
| 020 | _a978-0-545-80894-1 | ||
| 040 |
_aDWCL GS lib _cOC |
||
| 082 | _aS856m 2014 | ||
| 100 | _aSTILTON, THEA | ||
| 245 |
_aMouseford Academy: drama at mouseford _cTHEA STILTON |
||
| 260 |
_aNew York _b Schoolastic, Inc. _c2014 |
||
| 300 |
_a111 p _c19 cm |
||
| 520 | _aRival Ruby Flashyfur attempts to sabotage them, creating, as discussed on Prezi, a mouse-vs-mouse conflict. The sisters must overcome this drama to shine on stage. | ||
| 650 | _athe headmaster and teachers decide to stage a performance of William Squeakspeare's | ||
| 650 | _ahe importance of supporting friends in their pursuits. | ||
| 700 | _aTHEA STILTON | ||
| 942 |
_2ddc _cFIC. _n0 |
||
| 999 |
_c9234 _d9234 |
||